000 00950nam a2200241Ia 4500
003 OSt
005 20221005111651.0
006 a|||||r|||| 00| 0
007 ta
008 221004b |||||||| |||| 00| 0 hin d
024 _a30378
037 _cTextual
040 _aCRL
_cCRL
_bhin
041 _2hin
_ahin
082 _aV2'L6, 152L6
100 _aईश्वरीप्रसाद
245 0 _aमध्यकालीन भारत का संक्षिप्त इतिहास 1200-1761 ई.
246 _aMadhyakālīn bhārat kā sankṣhipta itihās 1200-1761 ī. Ādhunik bhārat kā itihāsa
260 _aप्रयाग
_bइंडियन प्रेस पब्लिकेशंस प्राइवेट लिमिटेड भारत
_c1976
300 _a571पृ.
_ccm.
942 _hV2'L6, 152L6
_cTEXL
_2cc
999 _c1022516
_d1022516